00527nam a2200169Ia 4500003000400000008004100004040001600045082001700061100001800078245007700096700002000173260004900193300001000242650002900252650003900281650003700320GCL140319s9999 xx 000 0 eng d aGCL / cGCL04a910.922bP O1 aPODELL, JANET10aOLD WORLD TO NEW: THE AGE OF EXPLORATION AND DISCOVERY / cPODELL, JANET1 aANZOUIN, STEVEN a[S.N] : bTHE H. W. WILSON COMPANY ، c1993 a286 P04aBIOGRAPHY - DICTIANARIES04aEXPLORESS - BIOGRAPHY - DICTIONARY04aSCIENCE - BIOGROPHY - DICTIONARY